LEADER 04345nam 2200733 450 001 9910133842303321 005 20221206100153.0 024 7 $a10.1109/9780470545355 035 $a(CKB)3280000000033541 035 $a(SSID)ssj0000441618 035 $a(PQKBManifestationID)12160868 035 $a(PQKBTitleCode)TC0000441618 035 $a(PQKBWorkID)10406914 035 $a(PQKB)10162894 035 $a(CaBNVSL)mat05263228 035 $a(IDAMS)0b000064810c33d0 035 $a(IEEE)5263228 035 $a(PPN)264393864 035 $a(OCoLC)798700382 035 $a(EXLCZ)993280000000033541 100 $a20100317h20152000 uy 0 101 0 $aeng 135 $aur|n||||||||| 181 $ctxt 182 $cc 183 $acr 200 10$aNeural networks and artificial intelligence for biomedical engineering /$fDonna L. Hudson, Maurice E. Cohen 210 1$aNew York :$cInstitute of Electrical and Electronics Engineers,$dc2000. 210 2$a[Piscataqay, New Jersey] :$cIEEE Xplore,$d[1999] 215 $a1 PDF (xxiii, 306 pages) $cillustrations 225 1 $aIEEE press series on biomedical engineering ;$v3 300 $aBibliographic Level Mode of Issuance: Monograph 311 $a0-470-54535-6 311 $a0-7803-3404-3 320 $aIncludes bibliographical references and index. 327 $aPreface. Acknowledgments. Overview. NEURAL NETWORKS. Foundations of Neural Networks. Classes of Neural Networks. Classification Networks and Learning. Supervised Learning. Unsupervised Learning. Design Issues. Comparative Analysis. Validation and Evaluation. ARTIFICIAL INTELLIGENCE. Foundation of Computer-Assisted Decision Making. Knowledge Representation. Knowledge Acquisition. Reasoning Methodologies. Validation and Evaluation. ALTERNATIVE APPROACHES. Genetic Algorithms. Probabilistic Systems. Fuzzy Systems. Hybrid Systems. HyperMerge, a Hybird Expert System. Future Perspectives. Index. About the Authors. 330 $aUsing examples drawn from biomedicine and biomedical engineering, this essential reference book brings you comprehensive coverage of all the major techniques currently available to build computer-assisted decision support systems. You will find practical solutions for biomedicine based on current theory and applications of neural networks, artificial intelligence, and other methods for the development of decision aids, including hybrid systems. Neural Networks and Artificial Intelligence for Biomedical Engineering offers students and scientists of biomedical engineering, biomedical informatics, and medical artificial intelligence a deeper understanding of the powerful techniques now in use with a wide range of biomedical applications. Highlighted topics include: . Types of neural networks and neural network algorithms. Knowledge representation, knowledge acquisition, and reasoning methodologies. Chaotic analysis of biomedical time series. Genetic algorithms. Probability-based systems and fuzzy systems. Evaluation and validation of decision support aids. An Instructor Support FTP site is available from the Wiley editorial department: ftp://ftp.ieee.org/uploads/press/hudson. 410 0$aIEEE Press series in biomedical engineering ;$v3 606 $aArtificial intelligence$xMedical applications 606 $aNeural networks (Computer science)$xComputer simulation 606 $aExpert systems (Computer science) 606 $aBiomedical engineering 606 $aNeural Networks, Computer 606 $aBiomedical Engineering 606 $aExpert Systems 606 $aArtificial Intelligence 615 0$aArtificial intelligence$xMedical applications 615 0$aNeural networks (Computer science)$xComputer simulation 615 0$aExpert systems (Computer science) 615 0$aBiomedical engineering 615 22$aNeural Networks, Computer. 615 22$aBiomedical Engineering. 615 22$aExpert Systems. 615 12$aArtificial Intelligence. 676 $a610/.285/63 700 $aHudson$b D. L.$g(Donna L.)$0845659 701 $aCohen$b M. E$g(Maurice E.)$0845660 801 0$bCaBNVSL 801 1$bCaBNVSL 801 2$bCaBNVSL 906 $aBOOK 912 $a9910133842303321 996 $aNeural networks and artificial intelligence for biomedical engineering$91887881 997 $aUNINA LEADER 02828nam 2200733 450 001 9910792326703321 005 20210311111955.0 010 $a1-350-22149-X 010 $a1-84813-831-8 010 $a1-78032-708-0 010 $a1-282-57930-4 010 $a9786612579301 010 $a1-84813-321-9 024 7 $a10.5040/9781350221499 035 $a(CKB)2670000000019032 035 $a(EBL)530470 035 $a(OCoLC)630542507 035 $a(SSID)ssj0000423887 035 $a(PQKBManifestationID)11929705 035 $a(PQKBTitleCode)TC0000423887 035 $a(PQKBWorkID)10470651 035 $a(PQKB)10979275 035 $a(MiAaPQ)EBC530470 035 $a(Au-PeEL)EBL530470 035 $a(CaPaEBR)ebr10384058 035 $a(CaONFJC)MIL257930 035 $a(OCoLC)1241539625 035 $a(CaBNVSL)9781350221499 035 $a(EXLCZ)992670000000019032 100 $a20210311h20212010 uy 0 101 0 $aeng 135 $aur|n|---||||| 181 $ctxt 182 $cc 183 $acr 200 10$aNeoliberal Africa $ethe impact of global social engineering /$fGraham Harrison 210 1$aLondon, England :$cZed Books,$d2010. 210 2$a[London, England] :$cBloomsbury Publishing,$d2021 215 $a1 online resource (186 p.) 300 $aDescription based upon print version of record. 311 $a1-84813-320-0 311 $a1-84813-319-7 320 $aIncludes bibliographical references (pages 149-170) and index. 327 $aNeoliberalism in Africa, neoliberalism and Africa -- Neoliberalism in Africa : a failed ideology -- Practices of neoliberalism : repertoires, habits and conduct -- Global neoliberal practice : institutions and regulation -- Neoliberal practice in Africa -- Neoliberalism's final frontier? -- Conclusion : neoliberalism's prospects. 330 8 $aAfter 30 years of projects, aid disbursement, technical assistance, and conditionality, this book maps out the extent to which African states have cleaved to neoliberal directives. It suggests that neoliberal 'progress' in Africa is notably limited in spite of the resources behind it and the lack of alternatives to it. 606 $aNeoliberalism$zAfrica 606 $aSocial engineering$zAfrica 606 $aPolitics & government$2bicssc 607 $aAfrica$xEconomic conditions$y1960- 607 $aAfrica$xSocial conditions$y1960- 607 $aAfrica$xPolitics and government$y1960- 615 0$aNeoliberalism 615 0$aSocial engineering 615 7$aPolitics & government 676 $a306.096 686 $a83.46$2bcl 700 $aHarrison$b Graham$f1968-$01585139 801 0$bN 801 1$bCaBNVSL 801 2$bCaBNVSL 906 $aBOOK 912 $a9910792326703321 996 $aNeoliberal Africa$93869443 997 $aUNINA LEADER 05193nam 2200589Ia 450 001 9910784859803321 005 20200520144314.0 010 $a1-281-28550-1 010 $a9786611285500 010 $a0-470-29349-7 035 $a(CKB)1000000000403592 035 $a(EBL)335815 035 $a(OCoLC)608623902 035 $a(Au-PeEL)EBL335815 035 $a(CaPaEBR)ebr10296451 035 $a(CaONFJC)MIL128550 035 $a(CaSebORM)9780470247020 035 $a(MiAaPQ)EBC335815 035 $a(EXLCZ)991000000000403592 100 $a20080522d2008 uy 0 101 0 $aeng 135 $aur|n|---||||| 181 $ctxt$2rdacontent 182 $cc$2rdamedia 183 $acr$2rdacarrier 200 10$aCCENT Cisco certified entry networking technician$iStudy guide$b[electronic resource] /$fTodd Lammle 205 $a1st edition 210 $aIndianapolis, Ind. $cWiley$dc2008 215 $a1 online resource (650 p.) 300 $aIncludes index. 311 $a0-470-24702-9 327 $aCCENT: Cisco Certified Entry Networking Technician, Study Guide; Acknowledgments; About the Author; Contents at a Glance; Contents; Introduction; Assessment Test; Answers to Assessment Test; Chapter 1: Internetworking; Internetworking Basics; Internetworking Models; The OSI Reference Model; Ethernet Networking; Ethernet Cabling; Data Encapsulation; The Cisco Three-Layer Hierarchical Model; Summary; Exam Essentials; Written Lab 1; Review Questions; Answers to Review Questions; Answers to Written Lab 1; Chapter 2: Internet Protocols; TCP/IP and the DoD Model; IP Addressing; Broadcast Addresses 327 $aSummaryExam Essentials; Written Lab 2; Review Questions; Answers to Review Questions; Answers to Written Lab 2; Chapter 3: IP Subnetting, Variable Length Subnet Masks (VLSMs), Troubleshooting IP, and Introduction to NAT; Subnetting Basics; Variable Length Subnet Masks (VLSMs); Troubleshooting IP Addressing; Introduction to Network Address Translation (NAT); Types of Network Address Translation; NAT Names; How NAT Works; Summary; Exam Essentials; Written Labs 3; Review Questions; Answers to Review Questions; Answers to Written Lab 3.1; Answers to Written Lab 3.2; Answers to Written Lab 3.3 327 $aChapter 4: Introduction to the Cisco IOS and SDMThe IOS User Interface; Command-Line Interface (CLI); Router and Switch Administrative Configurations; Router Interfaces; Viewing, Saving, and Erasing Configurations; Cisco's Security Device Manager (SDM); Summary; Exam Essentials; Written Lab 4; Hands-on Labs; Review Questions; Answers to Review Questions; Answers to Written Lab 4; Chapter 5: Managing a Cisco Internetwork; The Internal Components of a Cisco Router; The Router Boot Sequence; Managing Configuration Register; Backing Up and Restoring the Cisco IOS 327 $aBacking Up and Restoring the Cisco ConfigurationUsing Cisco Discovery Protocol (CDP); Using Telnet; Resolving Hostnames; Checking Network Connectivity and Troubleshooting; Summary; Exam Essentials; Written Lab 5; Hands-on Labs; Review Questions; Answers to Review Questions; Answers to Written Lab 5; Chapter 6: IP Routing; Routing Basics; The IP Routing Process; Configuring IP Routing in Our Network; Dynamic Routing; Distance-Vector Routing Protocols; Routing Information Protocol (RIP); Interior Gateway Routing Protocol (IGRP); Verifying Your Configurations; Summary; Exam Essentials 327 $aWritten Lab 6Hands-on Labs; Review Questions; Answers to Review Questions; Answers to Written Lab 6; Chapter 7: Layer 2 Switching; Before Layer 2 Switching; Switching Services; Spanning Tree Protocol (STP); LAN Switch Types; Summary; Exam Essentials; Written Lab 7; Review Questions; Answers to Review Questions; Answers to Written Lab 7; Chapter 8: Wireless Technologies; Introducing Wireless Technology; The 802.11 Standards; Basic Service Sets; Wireless Security; Summary; Exam Essentials; Written Lab 8; Review Questions; Answers to Review Questions; Answers to Written Lab 8 327 $aChapter 9: Security 330 $aStart your preparation for Cisco's new CCENT entry-level networking certification, your entry point into Cisco's popular CCNA certification track. This comprehensive study guide from leading Cisco authority Todd Lammle thoroughly prepares you for the Interconnecting Cisco Networking Devices, Part 1 exam (640-822) and the start of a career, with pages of exam essentials, real-world scenarios, and hands-on exercises. Topics include the operation of data networks, how to implement both switched and routed networks, and much more. For Instructors: Teaching supplements are available fo 606 $aComputer networks$xExaminations$vStudy guides 606 $aElectronic data processing personnel$xCertification 615 0$aComputer networks$xExaminations 615 0$aElectronic data processing personnel$xCertification. 676 $a004.6 676 $a004.6076 700 $aLammle$b Todd$0736457 801 0$bMiAaPQ 801 1$bMiAaPQ 801 2$bMiAaPQ 906 $aBOOK 912 $a9910784859803321 996 $aCCENT Cisco certified entry networking technician$93850504 997 $aUNINA